000
00300nam a2200133Ia 4500
100
_a
Williams/ G
942
_c
BK
654
_a
Workshop
245
_a
Workshop calculations for machine tool operator
260
_b
vishal pub.
_a
Ambala
_c
1979
082
_a
621.9
300
_a
173
546
_a
ENGLISH
999
_c
17781
_d
17781